World Religions by Clue and Country - Statistics

General Stats
  • This quiz has been taken 121 times
  • The average score is 6 of 10
Answer Stats
Clue Country Religion % Correct
Muhammad was the prophet. Saudi Arabia Islam
100%
Can't eat cow. India Hinduism
91%
Largest Religion. USA Christianity
87%
Based on the teachings of Lao Tzou. China Taoism
79%
Founded by Sidhartha Gautama. Myanmar Buddhism
65%
No god. Russia Atheism
61%
Kind of like Christianity but with differences. USA (Utah) Mormonism
46%
A form of government. North Korea Communism
25%
Descendants of Abraham. Israel Judiasm
7%
Based on the teachings of _______. Japan Confucianism
6%
No matching quizzes found
Score Distribution
Percent of People with Each Score
Percentile by Number Answered
Your Score History
You have not taken this quiz